| 000 | 00332nam a22001337a 4500 | ||
|---|---|---|---|
| 020 | _a9788126525065 | ||
| 082 |
_a658.562 _bMON/ST |
||
| 100 |
_aMontgomery, Douglas C _9577 |
||
| 245 | _aStatistical Quality Control: A Modern Introduction | ||
| 250 | _a6 th | ||
| 260 |
_aNew Delhi _bWiley india _c2013 |
||
| 300 | _a734 | ||
| 942 | _cBK | ||
| 999 |
_c13945 _d13945 |
||